00440nam a22001097a 4500008004100000050002200041245017200063260002600235300002400261440002800285800001700313140902b xxu||||| |||| 00| 0 eng d aKD277.7.L39(1994) aThe Law Reports (1994) Queen's Division: and on appeal and decisions in the court of appeal criminal division and employment appeal tribunal./cEdited by: Carol Ellis. aLondon:bICLR,c1994. aXxxi, 798p.:c24cm. pQueen's Bench Division. aEllis Carol